|
|
|
|
| LEADER |
00000cam a2200000 7i4500 |
| 001 |
0000024584 |
| 005 |
20090105.0 |
| 008 |
090105 |
| 020 |
|
|
|a 9861771557
|
| 090 |
0 |
0 |
|a 650.1
|b NAK
|
| 100 |
1 |
|
|a Nahamo, Akira
|
| 245 |
1 |
0 |
|a Bide Dulake de wo shi xian (Chinese)
|c Zhong Ming zhu; Huang Meiqing yi
|
| 246 |
1 |
0 |
|a Bide Dulake de zi wo shi xian tu jie
|
| 260 |
|
|
|a Tai zhong :
|b Chen xing chu ban gong si ,
|c 2007
|
| 440 |
|
|
|a Kon dai ban ta jie = Pocked book: 7
|
| 650 |
|
0 |
|a Success
|x Psychological
|
| 700 |
0 |
|
|a Huang, Meiqing
|
| 999 |
|
|
|a 0001039003
|b Book
|c Chinese Collection
|e Perbadanan Perpustakaan Awam Johor
|